50 sports wares innovations in design and materials

Bibliographic Details
Main Author: Byars, Mel (Author)
Format: Book
Language:English
Published: Crans-Pres-Celigny, Switzerland RotoVision c1999
Series:Pro-design
Subjects:

MARC

LEADER 00000cam a2200000 7i4500
001 0000007419
008 060919s1999 sz eng
020 |a 2880464188 
090 0 0 |a GV745  |b .B993 1999 
100 0 |a Byars, Mel  |e author 
245 1 0 |a 50 sports wares  |b innovations in design and materials  |c Mel Byars ; introduction by Aaron Betsky ; research by Cinzia Anguissola d'Altoe ... [et al.] ; technical drawings by Marvin Fein 
260 2 |a Crans-Pres-Celigny, Switzerland  |b RotoVision  |c c1999 
300 |a 158 p.  |b chiefly col. ill.  |c 28 cm 
440 0 |a Pro-design 
650 0 |a Sporting goods  |x Design 
650 0 |a Sporting goods  |x Technological innovations 
740 0 2 |a Fifty sports wares : innovations in design and materials 
999 |a 1000105708  |b Book  |c Reference  |e Gong Badak Campus